000 00378pab a2200145 454500
008 180718b1986 xxu||||| |||| 00| 0 eng d
100 _aPogrebin, Mark
245 _aThe changing role of women
_bFemale police officers occupational problems
260 _c1986
300 _a127-33
362 _aApr.-June
650 _aPolicewomen
773 _aPolice Journal
909 _a15212
999 _c15212
_d15212